Guess the Taylor Swift Song with No Hints - 33 - Statistics

General Stats
  • This quiz has been taken 61 times
  • The average score is 250 of 317
Answer Stats
Answer % Correct
I
100%
(I
100%
a
96%
me
94%
you
94%
you,
94%
you)
94%
an
92%
and
92%
And
92%
in
92%
it
92%
the
92%
they
92%
to
92%
be
90%
love
90%
my
90%
My
90%
on
90%
was
90%
we
90%
But
88%
but
88%
it's
88%
were
88%
your
88%
Your
88%
for
86%
her
86%
no
86%
of
86%
there,
86%
you're
86%
is
84%
up
84%
are
82%
what
82%
All
80%
life
80%
life)
80%
say
80%
this
80%
get
78%
one
78%
about
76%
fortnight
76%
him
76%
come
73%
forgot
73%
only
73%
ruining
73%
supposed
73%
wanna
73%
want
73%
won't
73%
away
71%
forever
71%
good
71%
into
71%
new
71%
touch,
71%
touch
71%
at
69%
kill
69%
Move
69%
reason
69%
sent
69%
took
69%
touched
69%
okay
67%
Run
67%
alcoholic
65%
cheating,
65%
Florida,
65%
hope
65%
husband
65%
nobody
65%
Now
65%
endless
63%
February
63%
flowers,
63%
lost
63%
noticed
63%
Till
63%
till
63%
aesthetic
61%
blame
61%
car
61%
quiet
61%
sometimes,
61%
stuck
61%
turned
61%
wife
61%
America
59%
here's
59%
Monday
59%
neighbors
59%
Thought
59%
water
59%
weather
59%
ask
57%
effects
57%
flowers,
57%
mornings
57%
pick
57%
temporary
57%
waters
57%
backyard,
55%
functioning
55%
miracle
55%
start
55%
buy
53%
callin'
51%
mailbox,
51%
move-on-drug,
51%
'Nother
51%
together
51%
treason?
51%
ya,
51%
sweater
35%
comment
27%
No matching quizzes found
Score Distribution
Percent of People with Each Score
Percentile by Number Answered
Your Score History
You have not taken this quiz